000 00305nam a22001337a 4500
008 170411b xxu||||| |||| 00| 0 eng d
020 _a01396162333
041 _aeng
080 _a612.39
100 _a9
101 _aSHM
245 _aTHE WOMAN DOCTOR'S DIET FOR WOMEN
_cEDELSTEIN, B
942 _2udc
_cBK
999 _c10396
_d10396